000 00374nam a2200133Ia 4500
005 20260328101449.0
008 260328s9999||||xx |||||||||||||| ||und||
100 _aBorthagaray, Andrés
245 0 _aBuenos Aires :
_b Foro de Transporte| /
_cAndrés Borthagaray
260 _bGobierno de la Ciudad de Buenos Aires
300 _a70 p.
650 _aDISEÑO URBANO
942 _cBK
999 _c8586
_d8586